书目信息 |
| 题名: |
煤矿机械PLC控制技术
|
|
| 作者: | 栾振辉 , 廖玲利 编著 | |
| 分册: | ||
| 出版信息: | 北京 化学工业出版社 2008.01 |
|
| 页数: | 154页 | |
| 开本: | 24cm | |
| 丛书名: | ||
| 单 册: | ||
| 中图分类: | TD44 | |
| 科图分类: | ||
| 主题词: | 煤矿--mei kuang--矿山机械--可编程控制器 | |
| 电子资源: | ||
| ISBN: | 978-7-122-01662-1 | |
| 000 | 00912nam0 2200241 450 | |
| 001 | 012008833602 | |
| 005 | 20100812144101.17 | |
| 010 | @a978-7-122-01662-1@dCNY23.00 | |
| 100 | @a20100515d2008 em y0chiy0120 ea | |
| 101 | 0 | @achi |
| 102 | @aCN@b110000 | |
| 105 | @aa a 000yy | |
| 200 | 1 | @a煤矿机械PLC控制技术@Amei kuang ji xie PLC kong zhi ji shu@f栾振辉, 廖玲利编著@Fluan zhen hui,liao ling li bian zhu |
| 210 | @a北京@c化学工业出版社@d2008.01 | |
| 215 | @a154页@c图@d24cm | |
| 320 | @a有书目 | |
| 330 | @a本书介绍了可编程序控制器的基本结构、工作原理、编程语言、控制指令及通信技术,结合煤矿生产的实际,阐述了通风机、空压机、排水泵及锅炉等机械设备的PLC控制原理,并给出了相应的PLC控制程序。 | |
| 606 | 0 | @a煤矿@Amei kuang@x矿山机械@x可编程控制器 |
| 690 | @aTD44@v4 | |
| 701 | 0 | @a栾振辉@Aluan zhen hui@4编著 |
| 701 | 0 | @a廖玲利@Aliao ling li@4编著 |
| 801 | 0 | @aCN@c20100515 |
| 905 | @dTD44@eL922@f5 | |
| 煤矿机械PLC控制技术/栾振辉, 廖玲利编著.-北京:化学工业出版社,2008.01 |
| 154页:图;24cm |
| ISBN 978-7-122-01662-1:CNY23.00 |
| 本书介绍了可编程序控制器的基本结构、工作原理、编程语言、控制指令及通信技术,结合煤矿生产的实际,阐述了通风机、空压机、排水泵及锅炉等机械设备的PLC控制原理,并给出了相应的PLC控制程序。 |
| ● |
| 相关链接 |
|
|
|
正题名:煤矿机械PLC控制技术
索取号:TD44/L922
 
预约/预借
| 序号 | 登录号 | 条形码 | 馆藏地/架位号 | 状态 | 备注 |
| 1 | 1026308 | 210263089 | 自科库501/501自科库 21排1列4层/ [索取号:TD44/L922] | 在馆 | |
| 2 | 1026309 | 210263098 | 自科库501/501自科库 21排1列4层/ [索取号:TD44/L922] | 在馆 | |
| 3 | 1026310 | 210263105 | 自科库501/501自科库 21排1列4层/ [索取号:TD44/L922] | 在馆 | |
| 4 | 1026311 | 210263114 | 自科库501/501自科库 21排1列4层/ [索取号:TD44/L922] | 在馆 | |
| 5 | 1026312 | 210263123 | 自科库501/501自科库 21排1列4层/ [索取号:TD44/L922] | 在馆 |